STN ISO 2789 (01 0150) informácie a dokumentácia
Enregistré dans:
| Collectivité auteur: | |
|---|---|
| Autres auteurs: | |
| Format: | Livre |
| Langue: | slovaque |
| Publié: |
Bratislava
Slovenský ústav technickej normalizácie
2000
|
| Sujets: | |
| Tags: |
Pas de tags, Soyez le premier à ajouter un tag!
|
MARC
| LEADER | 00000nam a2200000 4500 | ||
|---|---|---|---|
| 001 | c132715 | ||
| 005 | 20240104101431.7 | ||
| 041 | 0 | |a slo | |
| 044 | |a SK | ||
| 245 | 1 | 0 | |a STN ISO 2789 (01 0150) |b informácie a dokumentácia |c Spracovateľ Marta Ehnová |
| 264 | 1 | |a Bratislava |b Slovenský ústav technickej normalizácie |c 2000 | |
| 300 | |a 16 s. | ||
| 500 | |a Norma obsahuje ISO 2789: 1991 | ||
| 610 | 2 | 0 | |a normy ISO |
| 610 | 2 | 0 | |a knihoveda |
| 610 | 2 | 0 | |a knižnice |
| 610 | 2 | 0 | |a dokumenty |
| 610 | 2 | 0 | |a terminológia |
| 700 | 1 | |a Ehnová, Marta | |
| 710 | 2 | |a Centrum vedecko-technických informácií SR | |